| 000 | 00516nam a2200181Ia 4500 | ||
|---|---|---|---|
| 999 |
_c14506 _d14506 |
||
| 003 | OSt | ||
| 005 | 20201023130928.0 | ||
| 008 | 190216s9999||||xx |||||||||||||| ||und|| | ||
| 020 | _a9788172234904 | ||
| 040 | _coclc | ||
| 082 |
_a813.54 _bSHE/T |
||
| 100 |
_aSheldon, Sidney _95160 |
||
| 245 | 0 |
_aTell Me Your Dreams / _cSidney Sheldon |
|
| 260 |
_bHarper Collins Publishers , _c2007. _aNew Delhi: |
||
| 300 | _a341p | ||
| 650 | _aEnglish | ||
| 942 |
_cBK _2ddc _h813.54 _iSHE/T _k813.54 _mSHE/T |
||